भाषाविज्ञान और हिंदी भाषा / (Record no. 198275)

MARC details
000 -LEADER
fixed length control field 00839nam a22001937a 4500
005 - DATE AND TIME OF LATEST TRANSACTION
control field 20230918122405.0
010 ## - LCCN (DPL NO)
LC control number HIN-126021
020 ## - INTERNATIONAL STANDARD BOOK NUMBER
International Standard Book Number 8174531939
Terms of availability 1195.00
035 ## - SYSTEM CONTROL NUMBER
System control number HN-98367
037 ## - SOURCE OF ACQUISITION
Source of stock number/acquisition DBAD/PUB
082 ## - DEWEY DECIMAL CLASSIFICATION NUMBER
Classification number 401.802
100 ## - MAIN ENTRY--PERSONAL NAME
Personal name मिश्र, नरेश
245 ## - TITLE STATEMENT
Title भाषाविज्ञान और हिंदी भाषा /
Statement of responsibility, etc नरेश मिश्र
260 ## - PUBLICATION, DISTRIBUTION, ETC. (IMPRINT)
Name of publisher, distributor, etc संजय प्रकाशन
Place of publication, distribution, etc नई दिल्ली
Date of publication, distribution, etc 2022
270 ## - ADDRESS
Address 4378/4 बी 209 जे एम डी हाउस गली मुरारीलाल अंसारी रोड दरियागंज
Postal code 110002
City दिल्ली
300 ## - PHYSICAL DESCRIPTION
Extent 390 पृ.
Dimensions 23 सेमी (सजिल्द)
942 ## - ADDED ENTRY ELEMENTS (KOHA)
Item type Hindi Books
Source of classification or shelving scheme Dewey Decimal Classification
Classification part 401.802
Call number suffix मिश्रन
Holdings
Withdrawn status Lost status Not for loan Collection code Home library Current library Date acquired Source of acquisition Cost, normal purchase price Full call number Barcode Copy number Cost, replacement price Koha item type
      Non-fiction Bawana Bawana 18/09/2023 DBAD/PUB 1195.00 401.802 मिश्रन HN-98367 1 1195.00 Hindi Books

© Delhi Public Library
Hit Counter
free hit counter